[Event "Portoroz op 14th"]
[Site "Portoroz"]
[Date "2023.07.19"]
[Round "6"]
[White "Rzeszowski, Dominik"]
[Black "Bulic, Josip"]
[Result "0-1"]
[WhiteElo "1882"]
[BlackElo "2226"]
[PlyCount "114"]
[EventDate "2023.07.15"]
[EventType "swiss"]
[EventRounds "9"]
[EventCountry "SLO"]
[SourceTitle "CBM 215 Extra"]
[Source "ChessBase"]
[SourceDate "2023.09.30"]
[SourceVersion "1"]
[SourceVersionDate "2023.09.30"]
[SourceQuality "1"]

1. e4 Nf6 2. e5 Nd5 3. d4 d6 4. Nf3 Bg4 5. Be2 e6 6. c4 Nb6 7. exd6 cxd6 8. h3 Bxf3 9. Bxf3 d5 10. cxd5 Nxd5 11. Nc3 Bb4 12. Bd2 Nc6 13. Nxd5 Bxd2+ 14. Qxd2 exd5 15. 0-0 0-0 16. Rfe1 Qd6 17. Rac1 Rad8 18. Rc5 Ne7 19. Qe2 b6 20. Rc3 Nf5 21. Qe5 g6 22. g4 Qxe5 23. Rxe5 Nxd4 24. Bxd5 Rxd5 25. Rxd5 Ne2+ 26. Kf1 Nxc3 27. bxc3 Rc8 28. Rd3 Rc4 29. Ke2 Kg7 30. Ke3 b5 31. f3 a6 32. Ke2 Ra4 33. Rd2 Ra3 34. Rc2 Kf6 35. f4 h6 36. h4 Ke6 37. Kd3 Kd5 38. Rd2 Kc5 39. Rb2 f5 40. h5 gxh5 41. gxf5 Kd6 42. Rh2 b4 43. Rxh5 Rxc3+ 44. Kd4 Ra3 45. Rxh6+ Ke7 46. Ke5 Ra5+ 47. Kd4 Rxa2 48. Kc4 a5 49. Kb3 Ra3+ 50. Kb2 Rd3 51. Re6+ Kf7 52. Re5 a4 53. Re4 a3+ 54. Kc2 b3+ 55. Kc1 b2+ 56. Kc2 Rd1 57. Rb4 Rc1+ 0-1

[Event "Portoroz op 14th"]
[Site "Portoroz"]
[Date "2023.07.17"]
[Round "4"]
[White "Bulic, Josip"]
[Black "Blagojevic, Dragisa"]
[Result "1/2-1/2"]
[WhiteElo "2226"]
[BlackElo "2464"]
[PlyCount "80"]
[EventDate "2023.07.15"]
[EventType "swiss"]
[EventRounds "9"]
[EventCountry "SLO"]
[SourceTitle "CBM 215 Extra"]
[Source "ChessBase"]
[SourceDate "2023.09.30"]
[SourceVersion "1"]
[SourceVersionDate "2023.09.30"]
[SourceQuality "1"]

1. d4 d5 2. c4 e6 3. Nc3 c6 4. cxd5 exd5 5. Nf3 Nf6 6. Bg5 Be7 7. e3 Nbd7 8. h3 Ne4 9. Nxe4 dxe4 10. Bxe7 Qxe7 11. Nd2 0-0 12. Bc4 Nb6 13. Bb3 Be6 14. 0-0 Bd5 15. Rc1 f5 16. a4 Qb4 17. Rc3 Rf7 18. Bxd5 Nxd5 19. Qb3 a5 20. Rc2 f4 21. Re1 Raf8 22. Qxb4 Nxb4 23. Rc3 fxe3 24. fxe3 Rf2 25. Nxe4 Rxb2 26. Rf1 Nd5 27. Ra3 Re8 28. Nd6 Rxe3 29. Rxe3 Nxe3 30. Re1 Rxg2+ 31. Kh1 Rg3 32. Kh2 Rg2+ 33. Kh1 Rg3 34. Kh2 Rf3 35. Nxb7 Nc2 36. Re4 Rd3 37. Nd8 g5 38. Nxc6 Kg7 39. Re5 Kf6 40. Rxa5 Nxd4 1/2-1/2

[Event "CRO-chT2 West"]
[Site "Rijeka"]
[Date "2020.09.13"]
[Round "2.1"]
[White "Crepan, Marjan"]
[Black "Bulic, Josip"]
[Result "1/2-1/2"]
[WhiteElo "2273"]
[BlackElo "2267"]
[PlyCount "105"]
[EventDate "2020.09.12"]
[EventType "team-tourn"]
[EventRounds "9"]
[EventCountry "CRO"]
[SourceTitle "EXT 2022"]
[Source "ChessBase"]
[SourceDate "2021.10.06"]
[SourceVersion "1"]
[SourceVersionDate "2021.10.06"]
[SourceQuality "1"]
[WhiteTeam "Senj Velebit"]
[BlackTeam "Buje"]
[WhiteTeamCountry "CRO"]
[BlackTeamCountry "CRO"]

1. e4 Nf6 2. Nc3 d5 3. e5 Nfd7 4. Nxd5 Nxe5 5. Ne3 c5 6. b3 g6 7. Bb2 Bg7 8. Nc4 Nbc6 9. f4 Nxc4 10. Bxg7 Rg8 11. Bc3 Nd6 12. Nf3 Bf5 13. Ne5 Nd4 14. Rc1 f6 15. Nc4 Be6 16. Ne3 Ne4 17. Bd3 Nxc3 18. dxc3 Nf5 19. Qf3 Nxe3 20. Qxe3 Qb6 21. c4 Qa5+ 22. Kf2 Kf7 23. Rhe1 Qb6 24. Be4 Rgc8 25. Bxb7 Qxb7 26. Qxe6+ Kf8 27. Rcd1 Rd8 28. g3 Qc7 29. a4 Rxd1 30. Rxd1 Rd8 31. Rd5 Re8 32. Qe3 Rc8 33. Qd2 Ke8 34. Qd3 e6 35. Qe3 Kf7 36. Rd2 Re8 37. Qd3 Ke7 38. Qe4 Kf7 39. Qd3 Ke7 40. h4 Qc6 41. Rd1 Qc7 42. h5 Rg8 43. hxg6 hxg6 44. Rh1 Rg7 45. Rh8 g5 46. Rh7 Kf7 47. fxg5 fxg5 48. Rxg7+ Kxg7 49. Qe3 Kf6 50. Qf3+ Kg6 51. Qd3+ Kf6 52. Qf3+ Kg6 53. Qe4+ 1/2-1/2

[Event "Titled Tuesday intern op 21st July"]
[Site "Chess.com INT"]
[Date "2020.07.21"]
[Round "8"]
[White "Agibileg, Uurtsaikh"]
[Black "Bulic, Josip"]
[Result "1-0"]
[WhiteElo "2413"]
[BlackElo "2264"]
[PlyCount "51"]
[EventDate "2020.07.21"]
[EventType "swiss (blitz)"]
[EventRounds "10"]
[EventCountry "USA"]
[SourceTitle "CBM 197 Extra"]
[Source "ChessBase"]
[SourceDate "2020.09.30"]
[SourceVersion "1"]
[SourceVersionDate "2020.09.30"]
[SourceQuality "1"]

1. d4 d5 2. c4 c6 3. Nc3 Nf6 4. Nf3 Bf5 5. Bg5 Ne4 6. Nxe4 dxe4 7. Nh4 Bg4 8. h3 Bh5 9. g4 Bg6 10. Bg2 Nd7 11. Nxg6 hxg6 12. Bxe4 Qc7 13. Qd2 e6 14. 0-0-0 Qb6 15. c5 Qa6 16. Kb1 Nf6 17. Bd3 b5 18. e4 Be7 19. f4 0-0-0 20. Bc2 Rd7 21. f5 gxf5 22. gxf5 exf5 23. Bxf6 Bxf6 24. e5 Bxe5 25. Bxf5 Bf6 26. d5 1-0

[Event "Titled Tuesday intern op 21st July"]
[Site "Chess.com INT"]
[Date "2020.07.21"]
[Round "1"]
[White "Gretarsson, Helgi Ass"]
[Black "Bulic, Josip"]
[Result "1-0"]
[WhiteElo "2401"]
[BlackElo "2264"]
[PlyCount "99"]
[EventDate "2020.07.21"]
[EventType "swiss (blitz)"]
[EventRounds "10"]
[EventCountry "USA"]
[SourceTitle "CBM 197 Extra"]
[Source "ChessBase"]
[SourceDate "2020.09.30"]
[SourceVersion "1"]
[SourceVersionDate "2020.09.30"]
[SourceQuality "1"]

1. d4 d5 2. c4 c6 3. Nc3 Nf6 4. e3 Bf5 5. cxd5 cxd5 6. Qb3 Bc8 7. Nf3 Nc6 8. Bb5 e6 9. Ne5 Bd7 10. Nxd7 Qxd7 11. Bd2 a6 12. Bxc6 Qxc6 13. Rc1 Be7 14. 0-0 0-0 15. Na4 Qb5 16. Nb6 Qxb3 17. axb3 Rab8 18. f3 Bd8 19. Ba5 Bxb6 20. Bxb6 Rbc8 21. Bc7 Ne8 22. Ba5 Nf6 23. Kf2 Rc6 24. Rxc6 bxc6 25. Bc7 Rc8 26. Bd6 Ne8 27. Bg3 f6 28. Ra1 Ra8 29. Rc1 Rc8 30. Ke2 Kf7 31. Kd3 Ke7 32. Kc3 Kd7 33. Kb4 Nc7 34. Ka5 Rb8 35. Bxc7 Kxc7 36. Rc3 Kb7 37. b4 Re8 38. e4 Rd8 39. Re3 dxe4 40. Rxe4 Rd5+ 41. Ka4 e5 42. dxe5 fxe5 43. Rg4 g6 44. h4 Kb6 45. h5 gxh5 46. Rh4 Rd4 47. Rxh5 c5 48. Rxe5 Rxb4+ 49. Ka3 Rd4 50. Kb3 1-0

[Event "Titled Tuesday intern op 14th July"]
[Site "Chess.com INT"]
[Date "2020.07.14"]
[Round "5"]
[White "Bulic, Josip"]
[Black "Steenbekkers, Franck"]
[Result "1-0"]
[WhiteElo "2264"]
[BlackElo "2164"]
[PlyCount "63"]
[EventDate "2020.07.14"]
[EventType "swiss (blitz)"]
[EventRounds "10"]
[EventCountry "USA"]
[SourceTitle "CBM 197 Extra"]
[Source "ChessBase"]
[SourceDate "2020.09.30"]
[SourceVersion "1"]
[SourceVersionDate "2020.09.30"]
[SourceQuality "1"]

1. d4 Nf6 2. Nf3 g6 3. Bg5 Bg7 4. e3 0-0 5. Nbd2 d5 6. Bd3 b6 7. 0-0 c5 8. c3 Nc6 9. h3 Bb7 10. Re1 Re8 11. Qe2 e5 12. dxe5 Nxe5 13. Bb5 Re7 14. Nxe5 Rxe5 15. Nf3 Re7 16. Rad1 a6 17. Ba4 b5 18. Bb3 h6 19. Bh4 g5 20. Bg3 Ne4 21. Bh2 Rd7 22. Nd2 Qe7 23. Nxe4 dxe4 24. Rxd7 Qxd7 25. Rd1 Qe7 26. Qd2 c4 27. Bc2 Be5 28. Bxe5 Qxe5 29. Qd7 Rb8 30. Rd6 Kg7 31. Qc7 Qe8 32. Rb6 1-0

[Event "CRO-chT2 West"]
[Site "Croatia"]
[Date "2017.03.25"]
[Round "1.4"]
[White "Bulic, Josip"]
[Black "Cucancic, Sinisa"]
[Result "1-0"]
[WhiteElo "2299"]
[BlackElo "2232"]
[PlyCount "59"]
[EventDate "2017.03.25"]
[EventType "team-tourn"]
[EventRounds "9"]
[EventCountry "CRO"]
[SourceTitle "EXT 2020"]
[Source "ChessBase"]
[SourceDate "2019.10.17"]
[SourceVersion "1"]
[SourceVersionDate "2019.10.17"]
[SourceQuality "1"]

1. d4 d5 2. c4 dxc4 3. Nf3 a6 4. a4 c5 5. e3 cxd4 6. Bxc4 Qc7 7. Qb3 e6 8. Nxd4 Nc6 9. Nxc6 bxc6 10. 0-0 Nf6 11. Nc3 Bd6 12. h3 Rb8 13. Qc2 Nd5 14. Ne4 Be7 15. Qe2 0-0 16. Bxa6 Bxa6 17. Qxa6 Rb4 18. Qd3 Rfb8 19. Qc2 c5 20. Rd1 Qc6 21. a5 Nxe3 22. Bxe3 Rxe4 23. a6 Reb4 24. Rdc1 Qa8 25. Bxc5 Rxb2 26. Qc3 Bxc5 27. Qxc5 h6 28. a7 Rd8 29. Qc7 Rbd2 30. Rcb1 1-0

[Event "SLO-chT1 West"]
[Site "Slovenia"]
[Date "2016.12.11"]
[Round "9"]
[White "Bulic, Josip"]
[Black "Debevec, Blaz"]
[Result "1-0"]
[WhiteElo "2259"]
[BlackElo "2200"]
[PlyCount "127"]
[EventDate "2016.11.11"]
[EventType "team-tourn"]
[EventRounds "9"]
[EventCountry "SLO"]
[SourceTitle "EXT 2018"]
[Source "ChessBase"]
[SourceDate "2017.10.13"]
[SourceVersion "1"]
[SourceVersionDate "2017.10.13"]
[SourceQuality "1"]
[WhiteTeam "Piran"]
[BlackTeam "Komenda"]
[WhiteTeamCountry "SLO"]
[BlackTeamCountry "SLO"]

1. d4 d5 2. c4 c6 3. Nc3 Nf6 4. Nf3 a6 5. cxd5 cxd5 6. Bf4 Nc6 7. e3 Bf5 8. Ne5 Ne4 9. Nxc6 Nxc3 10. Nxd8 Nxd1 11. Nxb7 Nxb2 12. Nc5 Nc4 13. Bxc4 dxc4 14. Rc1 e5 15. Bxe5 f6 16. Bg3 Bxc5 17. dxc5 Bd3 18. c6 Ke7 19. c7 Ra7 20. Kd2 Rb7 21. Kc3 Kd7 22. Rhd1 Re8 23. Rd2 Kc8 24. Re1 Re6 25. f3 Rb5 26. Kd4 Re7 27. Rc1 Rd7+ 28. Kc3 Re7 29. e4 Rd7 30. Rb2 Rxb2 31. Kxb2 Re7 32. Kc3 Re6 33. Re1 Kd7 34. Kd4 Rb6 35. e5 fxe5+ 36. Bxe5 Re6 37. Kd5 Re8 38. Rc1 g6 39. f4 a5 40. a4 h5 41. g3 Ra8 42. Kc5 Ra6 43. Rc3 Kc8 44. Kb5 Ra7 45. Kc5 Ra6 46. h3 Kb7 47. g4 hxg4 48. hxg4 Rc6+ 49. Kd5 Rb6 50. Rc1 Rb1 51. Rxb1+ Bxb1 52. Kxc4 Be4 53. Kb5 Bc6+ 54. Kxa5 Bd7 55. g5 Be8 56. f5 gxf5 57. Bf4 Bf7 58. Kb4 Be8 59. a5 Bd7 60. g6 Be6 61. Kc5 Bb3 62. g7 Be6 63. Kd6 Bc4 64. Kd7 1-0

[Event "SLO-chT1 West"]
[Site "Slovenia"]
[Date "2016.12.10"]
[Round "8"]
[White "Firat, Burak"]
[Black "Bulic, Josip"]
[Result "1-0"]
[WhiteElo "2487"]
[BlackElo "2259"]
[PlyCount "65"]
[EventDate "2016.11.11"]
[EventType "team-tourn"]
[EventRounds "9"]
[EventCountry "SLO"]
[SourceTitle "EXT 2018"]
[Source "ChessBase"]
[SourceDate "2017.10.13"]
[SourceVersion "1"]
[SourceVersionDate "2017.10.13"]
[SourceQuality "1"]
[WhiteTeam "Domzale"]
[BlackTeam "Piran"]
[WhiteTeamCountry "SLO"]
[BlackTeamCountry "SLO"]

1. e4 Nf6 2. e5 Nd5 3. d4 d6 4. Nf3 Bg4 5. Be2 e6 6. h3 Bh5 7. c4 Nb6 8. exd6 cxd6 9. Nc3 Be7 10. d5 e5 11. g4 Bg6 12. h4 h6 13. Be3 N8d7 14. h5 Bh7 15. Nd2 0-0 16. Nde4 f5 17. gxf5 Bxf5 18. Rg1 Kh8 19. Ng3 Bh7 20. Qd2 Rc8 21. b3 Nc5 22. Bxc5 Rxc5 23. Bd3 Bg5 24. Qc2 Bxd3 25. Qxd3 Rc7 26. Nge4 Bh4 27. Rg6 Rcf7 28. 0-0-0 Rf3 29. Qc2 Nc8 30. Rdg1 Bxf2 31. Rxg7 Bxg1 32. Nf6 Be3+ 33. Kb2 1-0

[Event "SLO-chT1 West"]
[Site "Slovenia"]
[Date "2016.11.13"]
[Round "3"]
[White "Lenic, Luka"]
[Black "Bulic, Josip"]
[Result "1-0"]
[WhiteElo "2643"]
[BlackElo "2259"]
[PlyCount "73"]
[EventDate "2016.11.11"]
[EventType "team-tourn"]
[EventRounds "9"]
[EventCountry "SLO"]
[SourceTitle "EXT 2018"]
[Source "ChessBase"]
[SourceDate "2017.10.13"]
[SourceVersion "1"]
[SourceVersionDate "2017.10.13"]
[SourceQuality "1"]
[WhiteTeam "Ljubljana Duol"]
[BlackTeam "Piran"]
[WhiteTeamCountry "SLO"]
[BlackTeamCountry "SLO"]

1. d4 d5 2. c4 c6 3. Nf3 Nf6 4. Nc3 dxc4 5. a4 Bf5 6. Nh4 Bg6 7. Nxg6 hxg6 8. e4 e6 9. Bxc4 Bb4 10. Qd3 Qa5 11. 0-0 Qh5 12. Bf4 Nbd7 13. Bg3 0-0-0 14. Qc2 Nb6 15. Be2 Qa5 16. Nb5 Nh5 17. Be5 f6 18. Bc7 Rd7 19. Bxb6 axb6 20. d5 exd5 21. exd5 Rxd5 22. Qxg6 Kb8 23. Bxh5 Rdxh5 24. Qg3+ Ka8 25. Rfd1 Bd2 26. h3 g5 27. Qc7 Bf4 28. Rd8+ Rxd8 29. Qxd8+ Bb8 30. b4 Qxb4 31. a5 Qb2 32. Nc7+ Ka7 33. axb6+ Kxb6 34. Na6+ Ka7 35. Qxb8+ Kb6 36. Qd8+ Ka7 37. Qd1 1-0

[Event "Portoroz op 10th"]
[Site "Portoroz"]
[Date "2016.07.30"]
[Round "9"]
[White "Petran, Peter"]
[Black "Bulic, Josip"]
[Result "1/2-1/2"]
[WhiteElo "2332"]
[BlackElo "2255"]
[PlyCount "80"]
[EventDate "2016.07.23"]
[EventType "swiss"]
[EventRounds "9"]
[EventCountry "SLO"]
[SourceTitle "CBM 173 Extra"]
[Source "ChessBase"]
[SourceDate "2016.08.29"]
[SourceVersion "1"]
[SourceVersionDate "2016.08.29"]
[SourceQuality "1"]

1. g3 d5 2. Bg2 c6 3. d3 Nf6 4. Nd2 Bg4 5. Ngf3 e6 6. 0-0 Bc5 7. a3 a5 8. b3 0-0 9. Bb2 Nbd7 10. c3 Qe7 11. b4 Bb6 12. Qb3 e5 13. e4 dxe4 14. dxe4 Rfd8 15. c4 Bxf3 16. Nxf3 axb4 17. axb4 Rxa1 18. Bxa1 Nxe4 19. c5 Bc7 20. Re1 Ng5 21. Nd4 Qf6 22. h4 exd4 23. hxg5 Qxg5 24. Bxd4 Nf8 25. Be3 Qf6 26. b5 Be5 27. bxc6 bxc6 28. Qb7 Bd4 29. Bxd4 Rxd4 30. Bxc6 Rd2 31. Rf1 Rc2 32. Be4 Rxc5 33. Rd1 g6 34. Qa8 Qe7 35. Kg2 Rc4 36. Re1 Rd4 37. Re3 Rd8 38. Qa2 Qe6 39. Qa5 Qf6 40. Bd5 Ne6 1/2-1/2

[Event "Portoroz op 10th"]
[Site "Portoroz"]
[Date "2016.07.28"]
[Round "7"]
[White "Jerez Perez, Alfonso"]
[Black "Bulic, Josip"]
[Result "1-0"]
[WhiteElo "2384"]
[BlackElo "2255"]
[PlyCount "95"]
[EventDate "2016.07.23"]
[EventType "swiss"]
[EventRounds "9"]
[EventCountry "SLO"]
[SourceTitle "CBM 173 Extra"]
[Source "ChessBase"]
[SourceDate "2016.08.29"]
[SourceVersion "1"]
[SourceVersionDate "2016.08.29"]
[SourceQuality "1"]

1. e4 Nf6 2. e5 Nd5 3. d4 d6 4. Nf3 Bg4 5. Be2 e6 6. 0-0 Be7 7. h3 Bh5 8. c4 Nb6 9. Nc3 0-0 10. Be3 Nc6 11. exd6 cxd6 12. d5 Bxf3 13. Bxf3 Ne5 14. b3 Nxf3+ 15. Qxf3 e5 16. Rad1 f5 17. c5 Nc8 18. c6 b6 19. Bc1 Bg5 20. Bxg5 Qxg5 21. Qe3 Qh5 22. f4 e4 23. Nb5 Qf7 24. Na3 a6 25. Qd4 b5 26. Nc2 Qc7 27. Ne3 Nb6 28. Rd2 Rae8 29. g4 fxg4 30. hxg4 Nc8 31. Rg2 Ne7 32. f5 Nc8 33. g5 Ne7 34. Rg4 Nc8 35. Rxe4 Qf7 36. Re6 Qh5 37. Qg4 Qf7 38. Kg2 Rxe6 39. dxe6 Qc7 40. Qe4 Qe7 41. f6 gxf6 42. Nf5 Qe8 43. e7 Nxe7 44. Nxe7+ Kh8 45. Rxf6 Rg8 46. c7 Rxg5+ 47. Kf2 Rc5 48. Ng6+ 1-0

[Event "Portoroz op 10th"]
[Site "Portoroz"]
[Date "2016.07.27"]
[Round "6"]
[White "Bulic, Josip"]
[Black "Zelcic, Robert"]
[Result "1/2-1/2"]
[WhiteElo "2255"]
[BlackElo "2512"]
[PlyCount "81"]
[EventDate "2016.07.23"]
[EventType "swiss"]
[EventRounds "9"]
[EventCountry "SLO"]
[SourceTitle "CBM 173 Extra"]
[Source "ChessBase"]
[SourceDate "2016.08.29"]
[SourceVersion "1"]
[SourceVersionDate "2016.08.29"]
[SourceQuality "1"]

1. d4 Nf6 2. Nf3 c5 3. c3 d5 4. Bg5 Ne4 5. Bf4 cxd4 6. cxd4 Nc6 7. Nc3 Qa5 8. Bd2 Nxd2 9. Qxd2 Bg4 10. e3 Bxf3 11. gxf3 e6 12. a3 Bd6 13. Bb5 Rc8 14. 0-0 0-0 15. Kh1 Qd8 16. f4 Na5 17. Bd3 f5 18. Qe2 Nc4 19. Rg1 Rf6 20. Bxc4 Rxc4 21. Qf3 Bf8 22. Rac1 Rf7 23. Ne2 Rfc7 24. Rxc4 Rxc4 25. Nc1 Rc2 26. Nd3 Qc8 27. Qh5 Bd6 28. Qh6 Bf8 29. Qh5 g6 30. Qd1 Rc7 31. Qd2 Rc2 32. Qd1 Bd6 33. h4 Rc7 34. h5 Kf7 35. Kg2 Qd8 36. hxg6+ hxg6 37. Qf3 Kg8 38. Rh1 Rh7 39. Rxh7 Kxh7 40. Qd1 Qc7 41. Qa4 1/2-1/2

[Event "Portoroz op 10th"]
[Site "Portoroz"]
[Date "2016.07.23"]
[Round "1"]
[White "Grein, Bogomir"]
[Black "Bulic, Josip"]
[Result "0-1"]
[WhiteElo "1762"]
[BlackElo "2255"]
[PlyCount "70"]
[EventDate "2016.07.23"]
[EventType "swiss"]
[EventRounds "9"]
[EventCountry "SLO"]
[SourceTitle "CBM 173 Extra"]
[Source "ChessBase"]
[SourceDate "2016.08.29"]
[SourceVersion "1"]
[SourceVersionDate "2016.08.29"]
[SourceQuality "1"]

1. d4 d5 2. Bg5 h6 3. Bh4 Bf5 4. c3 c6 5. Nf3 Nd7 6. e3 Ngf6 7. Bd3 Ne4 8. 0-0 g5 9. Bg3 e6 10. c4 dxc4 11. Bxc4 h5 12. h3 h4 13. Bh2 g4 14. Ne5 gxh3 15. f3 Nxe5 16. dxe5 Qg5 17. Qe2 Ng3 18. Qf2 Nxf1 19. Bxf1 hxg2 20. Be2 h3 21. Nc3 0-0-0 22. f4 Qe7 23. Bf3 Qb4 24. Rc1 Kb8 25. a3 Qa5 26. Bg3 Bc5 27. Kh2 Rd3 28. Re1 Rhd8 29. Nd1 Qa4 30. Nc3 Qb3 31. Re2 Bxa3 32. Ne4 Rd1 33. Re1 Rxe1 34. Qxe1 Bxe4 35. Bh4 Rg8 0-1

[Event "SLO-CupT"]
[Site "Portoroz"]
[Date "2016.03.12"]
[Round "3"]
[White "Gantar, Jan"]
[Black "Bulic, Josip"]
[Result "1/2-1/2"]
[WhiteElo "2195"]
[BlackElo "2274"]
[PlyCount "81"]
[EventDate "2016.03.11"]
[EventType "team-swiss"]
[EventRounds "5"]
[EventCountry "SLO"]
[SourceTitle "EXT 2019"]
[Source "ChessBase"]
[SourceDate "2018.10.10"]
[SourceVersion "1"]
[SourceVersionDate "2018.10.10"]
[SourceQuality "1"]
[WhiteTeam "Komenda"]
[BlackTeam "Piran"]
[WhiteTeamCountry "SLO"]
[BlackTeamCountry "SLO"]

1. e4 Nf6 2. e5 Nd5 3. d4 d6 4. c4 Nb6 5. exd6 exd6 6. Nc3 Nc6 7. Be2 Be7 8. Nf3 Bg4 9. b3 0-0 10. 0-0 Bf6 11. Be3 h6 12. Ne4 d5 13. Nxf6+ Qxf6 14. c5 Nd7 15. h3 Bf5 16. Qd2 Be4 17. b4 a6 18. a4 Ne7 19. Bf4 c6 20. Ne5 Nxe5 21. Bxe5 Qg6 22. f3 Bf5 23. g4 f6 24. Bd6 Rfe8 25. Kh2 Bd7 26. Bd3 Qf7 27. Bxe7 Rxe7 28. Rae1 Rae8 29. Rxe7 Qxe7 30. Rf2 Qe1 31. Qxe1 Rxe1 32. Re2 Rd1 33. Re7 Rxd3 34. Rxd7 Rxf3 35. Rxb7 Rd3 36. b5 cxb5 37. axb5 axb5 38. c6 Rc3 39. Rxb5 Rxc6 40. Rxd5 Rc3 41. Rd7 1/2-1/2

[Event "SLO-CupT"]
[Site "Portoroz"]
[Date "2016.03.11"]
[Round "1"]
[White "Bulic, Josip"]
[Black "Lenic, Luka"]
[Result "0-1"]
[WhiteElo "2274"]
[BlackElo "2611"]
[PlyCount "116"]
[EventDate "2016.03.11"]
[EventType "team-swiss"]
[EventRounds "5"]
[EventCountry "SLO"]
[SourceTitle "EXT 2019"]
[Source "ChessBase"]
[SourceDate "2018.10.10"]
[SourceVersion "1"]
[SourceVersionDate "2018.10.10"]
[SourceQuality "1"]
[WhiteTeam "Piran"]
[BlackTeam "Ljubljana Duol"]
[WhiteTeamCountry "SLO"]
[BlackTeamCountry "SLO"]

1. d4 Nf6 2. Nf3 g6 3. Bg5 Bg7 4. e3 0-0 5. Nbd2 d6 6. Bc4 Qe8 7. 0-0 h6 8. Bxf6 Bxf6 9. c3 e5 10. Qc2 Kh8 11. Rad1 Bg7 12. h3 Nd7 13. e4 Nb6 14. Bb3 a5 15. a3 a4 16. Ba2 Be6 17. Bxe6 Qxe6 18. d5 Qe7 19. Ne1 f5 20. c4 Nd7 21. Nd3 f4 22. f3 Bf6 23. Nb1 Bh4 24. Nc3 g5 25. c5 Nf6 26. Nf2 Qd7 27. cxd6 cxd6 28. Qe2 h5 29. Qb5 Qe7 30. Rd3 Rf7 31. Qb4 Qd7 32. Nb5 Ra6 33. Nc3 Kg8 34. Rc1 g4 35. hxg4 hxg4 36. Qb5 gxf3 37. Qxd7 Nxd7 38. gxf3 Rg7+ 39. Ng4 Nf6 40. Kg2 Nxg4 41. fxg4 Bd8 42. Kf3 Rh7 43. Nd1 Rh3+ 44. Ke2 Rh2+ 45. Kf3 Ra8 46. Rdc3 Kf7 47. Rc8 Rxc8 48. Rxc8 Rh3+ 49. Kg2 Rg3+ 50. Kh2 Bb6 51. Rb8 Bg1+ 52. Kh1 Bd4 53. Rxb7+ Kg6 54. Kh2 Rg1 55. Rd7 Rxd1 56. Rxd6+ Kg5 57. Rd8 Kxg4 58. d6 Bg1+ 0-1

[Event "SLO-chT1 West"]
[Site "Ljubljana"]
[Date "2015.11.06"]
[Round "4"]
[White "Bulic, Josip"]
[Black "Drnovsek, Gal"]
[Result "0-1"]
[WhiteElo "2256"]
[BlackElo "2280"]
[PlyCount "108"]
[EventDate "2015.10.16"]
[EventType "team-tourn"]
[EventRounds "9"]
[EventCountry "SLO"]
[SourceTitle "EXT 2019"]
[Source "ChessBase"]
[SourceDate "2018.10.10"]
[SourceVersion "1"]
[SourceVersionDate "2018.10.10"]
[SourceQuality "1"]
[WhiteTeam "Piran"]
[BlackTeam "Prevodi Dvojka"]
[WhiteTeamCountry "SLO"]
[BlackTeamCountry "SLO"]

1. d4 Nf6 2. Nf3 d5 3. c4 e6 4. Nc3 Be7 5. Bg5 0-0 6. e3 h6 7. Bh4 b6 8. cxd5 Nxd5 9. Bg3 Bb7 10. Be2 c5 11. Nxd5 exd5 12. 0-0 Nd7 13. Rc1 c4 14. h3 b5 15. Ne5 Nxe5 16. dxe5 Qb6 17. Qc2 Bc5 18. Qf5 Rae8 19. b3 a5 20. bxc4 dxc4 21. a4 bxa4 22. Bxc4 Bb4 23. Bd3 g6 24. Qf4 Kg7 25. Bh4 Be7 26. Rb1 Qc6 27. Bf6+ Kh7 28. f3 Bxf6 29. exf6 Ba6 30. Rfc1 Qe6 31. Be4 Rc8 32. h4 a3 33. h5 a2 34. Ra1 Rxc1+ 35. Rxc1 Bc4 36. Qc7 Qxf6 37. hxg6+ Kg7 38. Qxa5 fxg6 39. Qa7+ Rf7 40. Qa3 Be6 41. Qa5 Rd7 42. Kh2 Bf7 43. Kg3 Qb2 44. Rg1 Rd2 45. f4 Rd6 46. Qe5+ Qxe5 47. fxe5 Ra6 48. Ra1 Ra5 49. Bd3 Rxe5 50. Kf3 Kf6 51. e4 Ra5 52. Ke3 Ke5 53. Bc2 Ra3+ 54. Kd2 Rg3 0-1

[Event "SLO-chT1 West"]
[Site "Ljubljana"]
[Date "2014.10.10"]
[Round "4"]
[White "Bulic, Josip"]
[Black "Rozic, Samo"]
[Result "0-1"]
[WhiteElo "2215"]
[BlackElo "2161"]
[PlyCount "46"]
[EventDate "2014.10.03"]
[EventType "team-tourn"]
[EventRounds "9"]
[EventCountry "SLO"]
[SourceTitle "EXT 2019"]
[Source "ChessBase"]
[SourceDate "2018.10.10"]
[SourceVersion "1"]
[SourceVersionDate "2018.10.10"]
[SourceQuality "1"]
[WhiteTeam "Piran"]
[BlackTeam "Ig"]
[WhiteTeamCountry "SLO"]
[BlackTeamCountry "SLO"]

1. d4 e6 2. Nf3 b6 3. Bf4 Bb7 4. e3 f5 5. Nbd2 Nf6 6. Bd3 Bxf3 7. Qxf3 d5 8. 0-0 Bd6 9. c4 Ne4 10. Bxe4 dxe4 11. Nxe4 fxe4 12. Qxe4 Nd7 13. Qxe6+ Qe7 14. Qd5 Rb8 15. Bg5 Nf6 16. Bxf6 gxf6 17. e4 Qf7 18. Qb5+ Qd7 19. Qb3 c5 20. e5 fxe5 21. dxe5 Bc7 22. e6 Qd6 23. Qa4+ b5 0-1